MARC

LEADER 00000nam0a2200000 4500
001 300290
005 20231102001303.0
035 |a (RuTPU)RU\TPU\book\325443 
090 |a 300290 
100 |a 20150708d1982 km y0rusy50 ca 
101 0 |a rus 
102 |a RU 
105 |a a z 001zy 
200 1 |a Металлолом в шихте кислородных конверторов  |f В. И. Баптизманский, Б. М. Бойченко, Е. В. Третьяков 
210 |a Москва  |c Металлургия  |d 1982 
215 |a 136 с.  |c ил. 
320 |a Библиогр.: с. 131-134 
606 1 |a Кислородно-конверторное производство  |2 stltpush  |3 (RuTPU)RU\TPU\subj\14425  |9 40816 
610 1 |a шихта 
610 1 |a кислородные конвертеры 
610 1 |a металлолом 
610 1 |a тепловой баланс 
610 1 |a предварительный нагрев 
610 1 |a эффективность 
610 1 |a топливо 
610 1 |a использование 
610 1 |a переработка 
675 |a 669.184.1  |v 4 
700 1 |a Баптизманский  |b В. И.  |g Вадим Ипполитович 
701 1 |a Бойченко  |b Б. М.  |g Борис Михайлович 
701 1 |a Третьяков  |b Е. В.  |g Евгений Васильевич 
801 1 |a RU  |b 63413507  |c 20150708 
801 2 |a RU  |b 63413507  |c 20200826  |g RCR 
942 |c BK